|
|
|
|
| LEADER |
00000nab a2200000 a 4500 |
| 001 |
vtls000698157 |
| 003 |
SK-MaSNL |
| 005 |
20260302181131.0 |
| 008 |
140429c1999 xo 0 slo |
| 015 |
|
|
|a SNBRB1999/06-17896
|
| 035 |
|
|
|a CLN000050324
|
| 040 |
|
|
|a SNKBUCL
|b slo
|c SNKBUCL
|e AACR2
|
| 041 |
0 |
|
|a slo
|
| 044 |
|
|
|a xo
|c SK
|
| 080 |
|
|
|a 352/354(437.6)
|2 1997
|
| 100 |
1 |
|
|a Mešťánek, Ľubomír
|4 ivr
|9 307496
|
| 245 |
1 |
0 |
|a Pred reformou verejnej správy
|c Ľubomír Mešťánek, Milan Hort, Jozef Danko
|
| 650 |
0 |
7 |
|a správa verejná
|x reforma
|z Slovensko
|2 snkbucl
|9 464014
|
| 655 |
|
7 |
|a články z novín a časopisov
|2 snkbucl
|9 267496
|
| 700 |
1 |
|
|a Hort, Milan,
|d 1953-
|4 aut
|9 240276
|
| 700 |
1 |
|
|a Danko, Jozef
|4 aut
|9 380139
|
| 773 |
0 |
|
|t Parlamentný kuriér
|g Roč. 7, č. 64 (1999), s. 22-24
|x 1335-0307
|
| 850 |
|
|
|a Slovenská národná knižnica v Martine
|
| 852 |
|
|
|a SNK
|b KIS3GCP
|
| 958 |
|
|
|a SK
|
| 992 |
|
|
|a RBX
|
| 999 |
|
|
|c 1413015
|d 1414945
|